Python programming : (Record no. 115)

MARC details
000 -LEADER
fixed length control field 00884cam a22002654a 4500
001 - CONTROL NUMBER
control field 16164214
003 - CONTROL NUMBER IDENTIFIER
control field OSt
005 - DATE AND TIME OF LATEST TRANSACTION
control field 20250420134756.0
008 - FIXED-LENGTH DATA ELEMENTS--GENERAL INFORMATION
fixed length control field 100330s2010 orua b 001 0 eng
010 ## - LIBRARY OF CONGRESS CONTROL NUMBER
LC control number 2010013947
020 ## - INTERNATIONAL STANDARD BOOK NUMBER
International Standard Book Number 9781590282410 (alk. paper)
040 ## - CATALOGING SOURCE
Original cataloging agency DLC
Transcribing agency DLC
Modifying agency DLC
050 00 - LIBRARY OF CONGRESS CALL NUMBER
Classification number QA76.73.P98
Item number Z98 2010
082 00 - DEWEY DECIMAL CLASSIFICATION NUMBER
Classification number 005.133
Edition information 22
Item number Ze Py
100 1# - MAIN ENTRY--PERSONAL NAME
Personal name Zelle, John M.
9 (RLIN) 461
245 10 - TITLE STATEMENT
Title Python programming :
Remainder of title an introduction to computer science /
Statement of responsibility, etc. John M. Zelle.
250 ## - EDITION STATEMENT
Edition statement 2nd ed.
260 ## - PUBLICATION, DISTRIBUTION, ETC.
Place of publication, distribution, etc. Sherwood, Or. :
Name of publisher, distributor, etc. Franklin, Beedle & Associates,
Date of publication, distribution, etc. c2010.
300 ## - PHYSICAL DESCRIPTION
Extent xiv, 514 p. :
Other physical details ill. ;
Dimensions 24 cm.
504 ## - BIBLIOGRAPHY, ETC. NOTE
Bibliography, etc. note Includes bibliographical references and index.
520 ## - SUMMARY, ETC.
Summary, etc. "Introduces computer programming using the Python programming language"--Provided by publisher.
650 #0 - SUBJECT ADDED ENTRY--TOPICAL TERM
Topical term or geographic name entry element Python (Computer program language)
9 (RLIN) 51
942 ## - ADDED ENTRY ELEMENTS (KOHA)
Koha item type Book
942 ## - ADDED ENTRY ELEMENTS (KOHA)
Source of classification or shelving scheme Dewey Decimal Classification
Holdings
Withdrawn status Lost status Source of classification or shelving scheme Damaged status Not for loan Home library Current library Date acquired Cost, normal purchase price Total checkouts Full call number Barcode Date last seen Price effective from Koha item type
    Dewey Decimal Classification     KCST Library KCST Library 20/11/2019 14.18   005.133 Ze Py 1000000182 20/11/2019 20/11/2019 Book
© 2025 KCST. All rights reserved